| 000 | 01382nam a2200217Ia 4500 | ||
|---|---|---|---|
| 008 | 0000001988 fr ad 0000000000fre00 | ||
| 020 | _a2718603275 | ||
| 090 | _aPSW00 L68l | ||
| 245 | 1 | 0 |
_aLou Laurin Lam _c/ photos Antonio Ruiz Arago, Bartolie, Christophe Laurentin |
| 300 |
_a127 p. _c/ 24 cm. |
||
| 500 | _aIncluye datos biográficos del artista \ Registro auspiciado por la FGAA. Bogotá | ||
| 501 | _aL'histoire et le frantastique burlesque de Lou LourinLam / Pierre Gaudibert Du grand nord vers le sud / Per Hovdenakk Lou LaurinLam ou l'envers de l'histoire / Jean Dominique Rey Les héros de l'histoire de la suède / Pierre Gaudibert Les aventures des mangeurs / Pierre Gaudibert Hommage a Leonardo Da Vinci / Pierre Gaudibert Fraicheur au dessus de l'histoire / Pierre Gaudibert Voilá une jungle humaine! voila un monde animal / Sun AXelsson Lou Laurin Lam et la glorification de la grenouille / Rignar von Holten | ||
| 600 | 0 | 0 |
_aLAURIN LAM, LOU, 1934/ _xTRABAJOS PICTORICOS |
| 650 | 1 | 4 | _aARTE CONTEMPORANEO SUECO |
| 650 | 1 | 4 | _aARTISTAS PLASTICOS SUECOS |
| 650 | 1 | 4 | _xCATALOGOS |
| 650 | 1 | 4 | _aPINTORES SUECOS |
| 650 | 1 | 4 | _aPINTURA SUECA |
| 700 | 1 | _aRuiz Arago, Antonio \ Bartolie \ Laurentin, Christophe \ Gaudibert, Pierre \ Hovdenakk \ Rey, Jean Dominique \ AXelsson, Sun \ Loteen, Rignar von | |
| 999 |
_c10590 _d10590 |
||
| 260 |
_aParis : Galilée _c1988 |
||